000 00363 a2200097 4500
245 0 0 _aPrzewody elektryczne. Metody badań - Pomiar współczynnika strat dielektrycznych i pojemności przewodów elektroenergetycznych PN-73/E-04160.76.
246 1 3 _aPN-73/E-04160.76
246 1 3 _a621.315.2/3.001.4
260 _aWarszawa :
_bPKN,
_c1973.
300 _a2 stron ;
_c30 cm.
650 _aPolska norma
999 _c21313
_d21313